000 00646nam a2200229Ia 4500
003 OSt
005 20221005031415.0
006 a|||||r|||| 00| 0
007 ta
008 221004b |||||||| |||| 00| 0 eng d
024 _a53822
037 _cTextual
040 _aCRL
_cCRL
_beng
041 _2eng
_aeng
082 _aU8.443621, M3
245 0 _aHaryana district gazetteers
_b Gurgaon. Edited by K. S. Bhoria and B. Raj Bajaj
260 _aChandigarh
_bHaryana Gazetteers Organisation India
_c1983
300 _a960p.
_ccm.
650 _aGEOGRAPHY
942 _hU8.443621, M3
_cTEXL
_2cc
999 _c937662
_d937662